000
00352nam a22001577a 4500
020
_a
978-93-525-3434-0
041
_a
ENG
100
_a
Grover.B.L
245
_a
A New Look at Modern Indian History
250
_a
32 th
260
_a
New Delhi
_b
S.Chand
_c
2018
300
_a
582
650
_a
UPSC
700
_a
Mehta A
856
_u
Competitive Exam
999
_c
224
_d
224